[Event "Detroit (RVO/4)"]
[Site "?"]
[Date "1990.??.??"]
[Round "?"]
[White "Kirkman-Bey, R."]
[Black "Wright, William"]
[Result "0-1"]
[WhiteElo "1655"]
[BlackElo "1965"]
[PlyCount "122"]
[EventDate "1990.??.??"]

1. e4 e6 2. d4 d5 3. Nd2 Nf6 4. e5 Nfd7 5. Bd3 c5 6. c3 Nc6 7. Ne2 Qb6 8. Nf3
cxd4 9. cxd4 f6 10. O-O fxe5 11. Nxe5 Ndxe5 12. dxe5 Nxe5 13. Nd4 Nxd3 14. Qxd3
Bc5 15. Nf3 Bd7 16. Ne5 Bb5 17. Qf3 O-O-O 18. Nd3 Bxd3 19. Qxd3 Kb8 20. Bf4+
Ka8 21. Be5 Rd7 22. Qb3 Qxb3 23. axb3 Rf8 24. b4 Bxb4 25. f4 Bc5+ 26. Kh1 b6
27. g4 Kb7 28. f5 Rdf7 29. Kg2 exf5 30. gxf5 Rxf5 31. Rxf5 Rxf5 32. Bg3 g5 33.
Re1 h5 34. h4 gxh4 35. Bxh4 a5 36. Rd1 Kc6 37. Kh3 Kb5 38. Bd8 Kc4 39. Kh4 Be3
40. Bc7 a4 41. Bd8 b5 42. Be7 d4 43. Ba3 b4 44. Bxb4 Kxb4 45. Rd3 Kc4 46. Ra3
Ra5 47. Kg3 Bc1 48. b3+ Kb4 49. Rxa4+ Rxa4 50. bxa4 Kxa4 51. Kh4 d3 52. Kxh5 d2
53. Kg5 d1=Q+ 54. Kf5 Qd4 55. Ke6 Qc5 56. Kf6 Qd5 57. Kg6 Qe5 58. Kf7 Qd6 59.
Kg7 Qe6 60. Kh7 Qf7+ 61. Kh8 Bb2# 0-1

[Event "Detroit (MOR/7/17)"]
[Site "?"]
[Date "1990.??.??"]
[Round "?"]
[White "Kirkman-Bey, R."]
[Black "Wanshon, Kevin"]
[Result "0-1"]
[WhiteElo "1605"]
[BlackElo "1640"]
[PlyCount "94"]
[EventDate "1990.??.??"]

{7/(17)} 1. e4 e5 2. Nf3 Nc6 3. Bb5 a6 4. Ba4 Nf6 5. O-O b5 6. Bb3 Be7 7. Re1
d6 8. h3 O-O 9. c3 Na5 10. Bc2 c5 11. d4 exd4 12. cxd4 Bb7 13. d5 Nc4 14. b3
Nb6 15. Nbd2 Nfd7 16. Nf1 Bf6 17. Rb1 Bc3 18. Re3 Bf6 19. Ng3 Ne5 20. Nxe5 Bxe5
21. Qg4 Bc8 22. Nf5 g6 23. f4 Bd4 24. Kf2 Bxe3+ 25. Kxe3 Kh8 26. Bb2+ f6 27.
Qg5 gxf5 28. exf5 Ra7 29. Kf2 Rg7 30. Qh6 Nxd5 31. g4 b4 32. g5 Nc3 33. Rg1
fxg5 34. Rxg5 Rxg5 35. f6 Rf7 36. fxg5 Kg8 37. Bxh7+ Rxh7 38. Qg6+ Kh8 39. f7
Qf8 40. Qf6+ Rg7 41. g6 Ne4+ 42. Kg2 Nxf6 43. Bxf6 Be6 44. h4 Bxf7 45. h5 Bxg6
46. h6 Qxf6 47. hxg7+ Kxg7 0-1

[Event "Detroit (MOR/2/49)"]
[Site "?"]
[Date "1990.??.??"]
[Round "?"]
[White "Kirkman-Bey, R."]
[Black "Mech, R."]
[Result "1-0"]
[WhiteElo "1605"]
[BlackElo "1605"]
[PlyCount "89"]
[EventDate "1990.??.??"]

{2/(49)} 1. e4 e5 2. Nf3 Nc6 3. Bb5 a6 4. Ba4 Nf6 5. O-O Be7 6. Re1 b5 7. Bb3
d6 8. h3 Na5 9. c3 Nxb3 10. axb3 O-O 11. d4 Bb7 12. Nbd2 exd4 13. cxd4 Re8 14.
Qc2 c5 15. d5 Bf8 16. Nf1 h6 17. Ng3 Qe7 18. Nf5 Qd7 19. Bd2 Bc8 20. Rad1 Qb7
21. b4 Bxf5 22. exf5 Rxe1+ 23. Bxe1 cxb4 24. Bxb4 Nxd5 25. Qe4 a5 26. Be1 a4
27. Qxd5 Qxd5 28. Rxd5 a3 29. bxa3 Rxa3 30. Rxb5 Ra1 31. Kh2 g5 32. fxg6 fxg6
33. Rb7 h5 34. Rd7 g5 35. Bb4 g4 36. hxg4 hxg4 37. Nh4 Rd1 38. Nf5 d5 39. Rd8
d4 40. Nxd4 Rxd4 41. Rxd4 Bxb4 42. Rxb4 Kf7 43. Rxg4 Kf6 44. Kg3 Kf5 45. Ra4
1-0

[Event "Detroit (RVO/2)"]
[Site "?"]
[Date "1990.??.??"]
[Round "?"]
[White "Kirkman-Bey, R."]
[Black "Elliott, J."]
[Result "1-0"]
[WhiteElo "1655"]
[BlackElo "1605"]
[PlyCount "85"]
[EventDate "1990.??.??"]

1. e4 e6 2. d4 d5 3. Nc3 Bb4 4. e5 c5 5. a3 Bxc3+ 6. bxc3 c4 7. Qg4 g6 8. Nh3
h5 9. Qf3 Nd7 10. Ng5 Qe7 11. a4 f6 12. Ba3 Nxe5 13. dxe5 Qg7 14. exf6 Nxf6 15.
Bc5 Ne4 16. Nxe4 dxe4 17. Qg3 h4 18. Qe3 b6 19. Ba3 Ba6 20. Rd1 Rd8 21. Rxd8+
Kxd8 22. Bb4 Rh5 23. Be2 Qh6 24. Bxh5 Qxe3+ 25. fxe3 gxh5 26. Kf2 Bb7 27. Bd6
Bd5 28. Bf4 Kc8 29. Bg5 Bc6 30. Ra1 Kb7 31. Bxh4 Ka6 32. h3 Ka5 33. g4 hxg4 34.
hxg4 Be8 35. Kg3 a6 36. Kf4 b5 37. axb5+ Kxb5 38. Kxe4 a5 39. Ke5 Bg6 40. Kxe6
Bxc2 41. g5 a4 42. Kf6 Kc6 43. g6 1-0

[Event "Detroit (MOR/4/49)"]
[Site "?"]
[Date "1990.??.??"]
[Round "?"]
[White "Kirkman-Bey, R."]
[Black "Dyer, Todd"]
[Result "1-0"]
[WhiteElo "1605"]
[BlackElo "1605"]
[PlyCount "109"]
[EventDate "1990.??.??"]

{4/(49)} 1. e4 e5 2. Nf3 Nc6 3. Bb5 a6 4. Ba4 b5 5. Bb3 Nf6 6. O-O Nxe4 7. d4
d6 8. Re1 Bf5 9. Bd5 Qd7 10. Bxe4 Bxe4 11. Rxe4 f5 12. Re1 e4 13. d5 Ne7 14.
Ng5 c6 15. dxc6 Nxc6 16. Qd5 O-O-O 17. Nf7 Nb4 18. Qa8+ Kc7 19. Qxd8+ Qxd8 20.
Nxd8 Nxc2 21. Ne6+ Kc8 22. Bd2 Nxa1 23. Na3 Kd7 24. Nxf8+ Rxf8 25. Rxa1 f4 26.
Rd1 Ke6 27. Bb4 Rd8 28. Nc2 Ke5 29. Bc3+ Ke6 30. Bxg7 Rg8 31. Bc3 f3 32. g3 Kf5
33. Rxd6 Re8 34. Ne3+ Kg5 35. h4+ Kh5 36. g4+ Kxh4 37. Kh2 Rf8 38. Bf6+ Rxf6
39. Rxf6 h5 40. gxh5 Kxh5 41. Rxa6 Kg5 42. Ra5 Kh4 43. Ra8 b4 44. Rh8+ Kg5 45.
Kg3 b3 46. a4 Kf6 47. Kf4 Kg6 48. Rb8 Kh5 49. Kf5 Kh6 50. Rg8 Kh7 51. Rg3 Kh6
52. a5 Kh7 53. Kf6 Kh8 54. Kf7 Kh7 55. Rh3# 1-0

[Event "Detroit (MOR/5/29)"]
[Site "?"]
[Date "1990.??.??"]
[Round "?"]
[White "Kirkman-Bey, R."]
[Black "Choyke, J."]
[Result "1-0"]
[WhiteElo "1605"]
[BlackElo "1640"]
[PlyCount "59"]
[EventDate "1990.??.??"]

{5/(29)} 1. e4 d6 2. d4 Nf6 3. Nc3 g6 4. Be3 Bg7 5. Bd3 c6 6. Qd2 Nbd7 7. Nf3
b5 8. h4 h5 9. Ng5 Ng4 10. Rf1 O-O 11. Ne2 e5 12. c3 Nxe3 13. fxe3 Nf6 14.
O-O-O Qb6 15. Ng3 a5 16. Rde1 b4 17. d5 bxc3 18. bxc3 Rb8 19. Re2 cxd5 20. exd5
Nxd5 21. Bxg6 fxg6 22. Qxd5+ Kh8 23. Rxf8+ Bxf8 24. Qe4 Kg7 25. Nxh5+ Kh6 26.
Ng3 Bg7 27. Qd3 Ba6 28. Nf5+ gxf5 29. Qxf5 Bxe2 30. Qh7# 1-0

[Event "Detroit (MOR/7/28)"]
[Site "?"]
[Date "1990.??.??"]
[Round "?"]
[White "Kezele, P."]
[Black "Morenobaca, F."]
[Result "1/2-1/2"]
[WhiteElo "1605"]
[BlackElo "1655"]
[PlyCount "94"]
[EventDate "1990.??.??"]

{7/(28)} 1. d4 e6 2. e4 d5 3. e5 c5 4. Nf3 Nc6 5. Be3 Qb6 6. dxc5 Bxc5 7. Bxc5
Qxc5 8. Bd3 Qb4+ 9. Nbd2 Qxb2 10. O-O Nxe5 11. Qe2 Nxd3 12. Qxd3 Ne7 13. Rab1
Qxa2 14. Qb5+ Nc6 15. Nd4 Qa5 16. c4 Qxb5 17. Nxb5 O-O 18. cxd5 exd5 19. Nc7
Rb8 20. Nxd5 Rd8 21. Rfe1 Be6 22. Nf4 Rxd2 23. Nxe6 fxe6 24. Rxe6 Rbd8 25. Ree1
b6 26. g3 Nd4 27. Re7 Nc6 28. Ree1 Nd4 29. Re7 Ra2 30. Kg2 Kf8 31. Rc7 b5 32.
Re1 Re8 33. Rxe8+ Kxe8 34. Rxg7 b4 35. Rxh7 b3 36. Rb7 a6 37. h4 Nb5 38. h5 b2
39. h6 b1=Q 40. h7 Qe4+ 41. Kh3 Qf5+ 42. g4 Qf3+ 43. Kh4 Qf6+ 44. g5 Ra4+ 45.
Kh5 Qf3+ 46. Kg6 Qe4+ 47. Kh5 Qg4+ 1/2-1/2

[Event "Detroit (MOR/2/22)"]
[Site "?"]
[Date "1990.??.??"]
[Round "?"]
[White "Kezele, P."]
[Black "Boldrick, Thomas"]
[Result "1/2-1/2"]
[WhiteElo "1605"]
[BlackElo "1680"]
[PlyCount "88"]
[EventDate "1990.??.??"]

{2/(22)} 1. d4 Nf6 2. c4 e6 3. Nc3 Bb4 4. Qc2 c5 5. dxc5 Bxc5 6. Nf3 Nc6 7. a3
O-O 8. Bg5 b6 9. e3 h6 10. Bh4 Bb7 11. Be2 Be7 12. O-O-O Rc8 13. h3 Na5 14. Rd4
Bc5 15. Rg4 Be7 16. Rd4 Nh7 17. Bd3 f5 18. Bg3 Nc6 19. Rf4 g5 20. Rg4 Rf7 21.
Ne5 Nxe5 22. Bxe5 d6 23. Rd1 dxe5 24. Bxf5 Qxd1+ 25. Qxd1 exf5 26. Rg3 Rxc4 27.
Qd7 Rxc3+ 28. Kd2 Nf6 29. Qxb7 Ne4+ 30. Kd1 Rd3+ 31. Ke2 Rd2+ 32. Ke1 Rxb2 33.
Qb8+ Kh7 34. Qxe5 Rb1+ 35. Ke2 Bxa3 36. Rf3 Rb2+ 37. Kd3 Rd2+ 38. Kc4 Rc2+ 39.
Kb3 Rc3+ 40. Ka2 Bc5 41. Rxf5 Ra3+ 42. Kb1 Rb3+ 43. Kc2 Rc3+ 44. Kb2 Ba3+
1/2-1/2

[Event "Detroit (MOR/6/42)"]
[Site "?"]
[Date "1990.??.??"]
[Round "?"]
[White "Kezele, P."]
[Black "Bannister, K."]
[Result "1-0"]
[WhiteElo "1605"]
[BlackElo "1605"]
[PlyCount "73"]
[EventDate "1990.??.??"]

{6/(42)} 1. d4 d5 2. c4 c6 3. Nf3 g6 4. Nc3 Bg7 5. e3 Bd7 6. cxd5 Nf6 7. e4 Bg4
8. dxc6 Nxc6 9. d5 Nb8 10. Qa4+ Bd7 11. Bb5 O-O 12. e5 Ng4 13. Bf4 a6 14. O-O
Nh6 15. Rad1 Nf5 16. e6 fxe6 17. dxe6 Bxb5 18. Nxb5 Qe8 19. Nc3 Qc6 20. Qb3 Kh8
21. Ne5 Bxe5 22. Bxe5+ Ng7 23. Rd3 a5 24. a4 Na6 25. Bd4 Nc7 26. Re1 Rad8 27.
Qd1 h6 28. Bxg7+ Kxg7 29. Rxd8 Rf6 30. Qd7 Qc5 31. Ne4 Qe5 32. Qxe7+ Rf7 33.
Qd6 Qxe6 34. Qd4+ Rf6 35. Rd7+ Kf8 36. Qxf6+ Qxf6 37. Nxf6 1-0

[Event "Lansing (MI Am/3/38)"]
[Site "?"]
[Date "1990.??.??"]
[Round "?"]
[White "Kempner, R."]
[Black "Moore, H."]
[Result "0-1"]
[WhiteElo "1605"]
[BlackElo "1605"]
[PlyCount "80"]
[EventDate "1990.??.??"]

{3/(38)} 1. e4 g6 2. d4 Bg7 3. c4 c6 4. h3 d6 5. f4 Nd7 6. Nf3 Ngf6 7. Nc3 Qc7
8. Be2 O-O 9. O-O Nh5 10. Qe1 d5 11. e5 Bh6 12. Qh4 Re8 13. Ng5 Qb6 14. Qf2 Ng7
15. Bd3 Nf8 16. c5 Qc7 17. Qh4 Bf5 18. Be2 Bxg5 19. fxg5 Nfe6 20. Be3 b6 21. g4
Be4 22. Nxe4 dxe4 23. Qh6 bxc5 24. Bc4 cxd4 25. Bxd4 Rf8 26. Bc3 Qb6+ 27. Kg2
Qe3 28. Rae1 Nf4+ 29. Kh2 Qc5 30. Bxf7+ Rxf7 31. e6 Ngxe6 32. Rxe4 Qd5 33.
Rexf4 Qd6 34. Bb4 c5 35. Bxc5 Qc7 36. Kg2 Rxf4 37. Re1 Qc6+ 38. Kg3 Qf3+ 39.
Kh4 Nxc5 40. Rxe7 Qf2# 0-1

[Event "Lansing (MI Am/1/6)"]
[Site "?"]
[Date "1990.??.??"]
[Round "?"]
[White "Kempner, R."]
[Black "LaForge, Tom"]
[Result "1/2-1/2"]
[WhiteElo "1605"]
[BlackElo "1945"]
[PlyCount "67"]
[EventDate "1990.??.??"]

{1/(6)} 1. e4 e6 2. d4 d5 3. exd5 exd5 4. Nf3 Bd6 5. c4 c6 6. cxd5 cxd5 7. Bb5+
Nc6 8. O-O Nge7 9. Re1 O-O 10. Nc3 Bg4 11. Be2 Qb6 12. Ne5 Bxe2 13. Nxe2 Nxe5
14. dxe5 Bxe5 15. Rb1 Rfd8 16. b3 Nc6 17. Bb2 d4 18. a3 Rd6 19. Qd3 g6 20. Rbc1
Bg7 21. f4 Re8 22. Kf1 Re3 23. Qc4 Qxb3 24. Qc5 Qd5 25. Red1 Qxc5 26. Rxc5 d3
27. Nc3 Bd4 28. Rb5 Bb6 29. Nd5 Re4 30. Rxd3 Nd4 31. Bxd4 Bxd4 32. Rb4 Rxd5 33.
Rf3 Bb6 34. Rxe4 1/2-1/2

[Event "Detroit (RVO/2)"]
[Site "?"]
[Date "1990.??.??"]
[Round "?"]
[White "Kellogg, S."]
[Black "Calton, David A"]
[Result "0-1"]
[WhiteElo "1605"]
[BlackElo "1685"]
[PlyCount "68"]
[EventDate "1990.??.??"]

1. f4 e6 2. Nf3 b6 3. e4 Bb7 4. d3 Be7 5. e5 Nh6 6. Be2 Nf5 7. c3 Bh4+ 8. Kd2
Bf2 9. Kc2 Be3 10. Nbd2 Bxf4 11. Nb3 g5 12. Kb1 d5 13. exd6 Qxd6 14. g3 Bxc1
15. Qxc1 Bxf3 16. Qd2 Bxh1 17. Kc2 Bb7 18. Bh5 Na6 19. g4 Nh4 20. Rf1 Nf3 21.
Bxf7+ Kxf7 22. Qxg5 Qxh2+ 23. Nd2 Rhg8 24. Qe3 Raf8 25. Rxf3+ Bxf3 26. Qxf3+
Ke7 27. Qe3 Rf2 28. d4 Rxd2+ 29. Qxd2 Qxd2+ 30. Kxd2 Rxg4 31. Kc2 h5 32. b4 h4
33. b5 Nb8 34. a4 h3 0-1

[Event "Detroit (RVO/5)"]
[Site "?"]
[Date "1990.??.??"]
[Round "?"]
[White "Kellogg, S."]
[Black "Attaya, Jim"]
[Result "0-1"]
[WhiteElo "1605"]
[BlackElo "1605"]
[PlyCount "145"]
[EventDate "1990.??.??"]

1. c4 Nf6 2. d4 c5 3. Nc3 cxd4 4. Qxd4 Nc6 5. Qd1 h6 6. e4 e5 7. h3 Bb4 8. Bd3
O-O 9. a3 Bxc3+ 10. bxc3 d6 11. Nf3 Qc7 12. O-O Be6 13. Qc2 Na5 14. Nd2 Nxc4
15. Rb1 d5 16. Nxc4 dxc4 17. Be2 Qc6 18. Bf3 b5 19. Re1 Rad8 20. Be3 a6 21. Bc1
Nd7 22. Be3 Rfe8 23. Rbd1 Nf8 24. Rd2 Rd7 25. Red1 Red8 26. Qb2 Rd3 27. Kf1
Rxd2 28. Rxd2 Rd3 29. Kg1 Nd7 30. Qc2 Qd6 31. Be2 Rxd2 32. Bxd2 Qxa3 33. Bc1
Qd6 34. Qa2 Qc6 35. Bf3 Nc5 36. Ba3 Nd3 37. Qd2 Kh8 38. Qe3 Bc8 39. Be2 Nf4 40.
Bc1 Qg6 41. Kh2 Bb7 42. f3 Kh7 43. Bb2 Qe6 44. Qf2 f6 45. Qg3 Qf7 46. Qf2 Qc7
47. Qa7 Nd3 48. Bxd3 cxd3 49. Qe3 Qd8 50. Qd2 a5 51. Ba3 Ba6 52. Bc1 a4 53. h4
Qd6 54. g4 a3 55. g5 fxg5 56. hxg5 Bb7 57. gxh6 Qxh6+ 58. Kg2 Qxd2+ 59. Bxd2 a2
60. Kf2 a1=Q 61. Ke3 Qb1 62. f4 Qf1 63. fxe5 Qe2+ 64. Kd4 Bxe4 65. Bg5 Bg6 66.
Kd5 Qg2+ 67. Kd6 Qxg5 68. e6 d2 69. Kc6 d1=Q 70. Kb6 Qa4 71. Kc6 Be8+ 72. Kd6
Qa6+ 73. Kc7 0-1

[Event "Flint (MEX/3)"]
[Site "?"]
[Date "1990.??.??"]
[Round "?"]
[White "Karklins, A."]
[Black "Mazuchowski, Tom"]
[Result "1-0"]
[WhiteElo "2400"]
[BlackElo "2225"]
[PlyCount "91"]
[EventDate "1990.??.??"]

1. e4 c5 2. Nf3 d6 3. Nc3 a6 4. d4 cxd4 5. Qxd4 Nc6 6. Qd1 Nf6 7. Bf4 e5 8. Bd2
Be7 9. Bd3 h6 10. O-O Be6 11. Re1 Rc8 12. h3 Qd7 13. Na4 Bd8 14. c4 Ne7 15. c5
g5 16. cxd6 Qxd6 17. Bc3 Nc6 18. b4 Nd7 19. b5 axb5 20. Bxb5 Qxd1 21. Rexd1 f6
22. Nd2 Be7 23. Nc4 Nd4 24. Bxd4 Bxc4 25. Bxd7+ Kxd7 26. Nb6+ Ke6 27. Nxc8 Rxc8
28. Be3 b5 29. a4 Bb3 30. axb5 Bxd1 31. Rxd1 Rb8 32. b6 Rb7 33. Kh2 Kf7 34. Kg3
Kg6 35. Kf3 Kf7 36. Kg4 Kg6 37. Kf3 Kf7 38. Ke2 Ke8 39. Ra1 Kd7 40. Ra7 Kc8 41.
Kd3 Bd8 42. Kc4 h5 43. Rxb7 Kxb7 44. Kd5 h4 45. Ke6 Kc6 46. f3 1-0

[Event "Flint (MEX/1)"]
[Site "?"]
[Date "1990.??.??"]
[Round "?"]
[White "Karklins, A."]
[Black "Eagle, Chris"]
[Result "1-0"]
[WhiteElo "2400"]
[BlackElo "2150"]
[PlyCount "77"]
[EventDate "1990.??.??"]

1. e4 d6 2. d4 Nf6 3. Nc3 g6 4. Nf3 Bg7 5. Bc4 O-O 6. e5 dxe5 7. Nxe5 Nbd7 8.
O-O c5 9. Be3 cxd4 10. Bxd4 a6 11. Qe2 Nxe5 12. Bxe5 Ng4 13. Rad1 Qa5 14. Bxg7
Qc7 15. g3 Kxg7 16. Nd5 Qe5 17. f3 Qxe2 18. Bxe2 Nf6 19. Nb6 Bh3 20. Nxa8 Bxf1
21. Kxf1 Rxa8 22. Rd4 Rc8 23. c3 e5 24. Rd6 Rc7 25. Kf2 Rd7 26. Rxd7 Nxd7 27.
b4 f5 28. a4 Nb6 29. Bd1 Nd5 30. Bb3 Nxc3 31. Ke3 b5 32. a5 e4 33. fxe4 Nxe4
34. Bd5 Kf6 35. Kd4 g5 36. Bxe4 fxe4 37. Kxe4 Ke6 38. g4 Kd6 39. Kd4 1-0

[Event "Detroit (MCO/3/13)"]
[Site "?"]
[Date "1990.??.??"]
[Round "?"]
[White "June, Brian"]
[Black "Turner, Keita"]
[Result "1/2-1/2"]
[WhiteElo "1835"]
[BlackElo "1665"]
[PlyCount "136"]
[EventDate "1990.??.??"]

{3/(13)} 1. d4 Nf6 2. Nf3 g6 3. c4 Bg7 4. Nc3 O-O 5. e3 d6 6. Be2 Nbd7 7. b4 c6
8. a4 e5 9. O-O Re8 10. Ba3 d5 11. cxd5 Nxd5 12. Nxd5 cxd5 13. dxe5 Nxe5 14.
Rc1 b6 15. Nd4 a6 16. Qc2 Bd7 17. b5 Rc8 18. Qb3 axb5 19. Nxb5 Be6 20. Rxc8
Bxc8 21. Rc1 Ba6 22. Qc2 Qc8 23. Nd6 Qxc2 24. Rxc2 Ra8 25. Bxa6 Rxa6 26. Rc8+
Bf8 27. Nc4 Nxc4 28. Bxf8 h5 29. Bb4+ Kh7 30. Bc3 g5 31. e4 Nd6 32. Rh8+ Kg6
33. exd5 Rxa4 34. h3 Rc4 35. Be5 Rc1+ 36. Kh2 Ne4 37. Bd4 Rd1 38. Bxb6 Rxd5 39.
Rc8 h4 40. Be3 Rb5 41. Rc4 Kf5 42. f3 Ng3 43. Rc1 f6 44. Re1 Re5 45. Kg1 Rb5
46. Bf2 Kf4 47. Be3+ Kf5 48. Rd1 Re5 49. Kf2 Ra5 50. Rd2 Ra1 51. Bb6 Rf1+ 52.
Ke3 Rb1 53. Rd6 Rb2 54. Rxf6+ Kxf6 55. Bd4+ Kf5 56. Bxb2 Nh5 57. Ba3 Nf4 58.
Kf2 Nd3+ 59. Kf1 Nf4 60. Bd6 Ke6 61. Bxf4 gxf4 62. Ke2 Ke5 63. Kd3 Kd5 64. Kc3
Kc5 65. Kd3 Kd5 66. Ke2 Ke5 67. Kd2 Kd4 68. Ke2 Ke5 1/2-1/2

[Event "Lansing (Feb)"]
[Site "?"]
[Date "1990.??.??"]
[Round "?"]
[White "June, Brian"]
[Black "Stockham, James"]
[Result "1/2-1/2"]
[WhiteElo "1755"]
[BlackElo "1855"]
[PlyCount "125"]
[EventDate "1990.??.??"]

1. d4 d5 2. Nf3 e6 3. e3 c5 4. b3 Nc6 5. Bb5 Bd7 6. O-O Nf6 7. Bb2 Be7 8. Nbd2
O-O 9. dxc5 Bxc5 10. a3 a6 11. Bd3 Qe7 12. e4 dxe4 13. Nxe4 Nxe4 14. Bxe4 Rfd8
15. Qe2 Be8 16. Rfe1 Nd4 17. Nxd4 Bxd4 18. c3 Bf6 19. Qf3 Rab8 20. Rad1 Rxd1
21. Rxd1 Rd8 22. Rd3 g6 23. g3 b6 24. Bc1 Rxd3 25. Qxd3 Qd7 26. Qxd7 Bxd7 27.
c4 Bd4 28. Kf1 a5 29. Ke2 Kf8 30. Bf4 Bc5 31. Bc7 Ke7 32. f3 f6 33. Kd2 Be8 34.
Kc3 Kd7 35. Bb8 Bd6 36. Bxd6 Kxd6 37. b4 axb4+ 38. axb4 e5 39. Bd5 g5 40. Be4
h6 41. Kd2 Bf7 42. Bd3 Bh5 43. Ke3 Be8 44. h4 Bf7 45. Kf2 Be6 46. Kg2 f5 47.
hxg5 hxg5 48. Kf2 e4 49. fxe4 fxe4 50. Be2 Ke5 51. Ke3 Bf7 52. c5 bxc5 53. b5
Be6 54. b6 Bc8 55. Bg4 Bb7 56. Be2 Kd6 57. Bb5 Kd5 58. Be8 c4 59. Bg6 Ke5 60.
Bf7 c3 61. Bb3 Kd6 62. Kd4 Kc6 63. Bd5+ 1/2-1/2

[Event "Lansing (Jan)"]
[Site "?"]
[Date "1990.??.??"]
[Round "?"]
[White "June, Brian"]
[Black "Sobocinski, Mike"]
[Result "1-0"]
[WhiteElo "1700"]
[BlackElo "1715"]
[PlyCount "77"]
[EventDate "1990.??.??"]

1. d4 d5 2. Nf3 Nf6 3. e3 Bf5 4. c4 c6 5. Nc3 e6 6. Qb3 Qc7 7. Bd2 Nbd7 8. Rc1
a6 9. cxd5 exd5 10. Nxd5 Nxd5 11. Qxd5 Be6 12. Qe4 Nf6 13. Qb1 Bd5 14. Be2 Bd6
15. h3 O-O 16. b3 Be4 17. Qb2 Qe7 18. b4 Nd5 19. a3 a5 20. O-O axb4 21. axb4
Nxb4 22. Bxb4 Bxb4 23. Ra1 Ba5 24. Nd2 Bd5 25. Rfb1 b5 26. Qc2 Bc7 27. Bd3 h6
28. Ne4 Rxa1 29. Rxa1 Re8 30. Nc5 Qd6 31. g3 Bf3 32. Bh7+ Kf8 33. Qf5 Bd5 34.
Nd7+ Ke7 35. Ne5 Be6 36. Qf3 Bd5 37. Be4 f6 38. Bxd5 cxd5 39. Ng6+ $138 1-0

[Event "Lansing (Apr)"]
[Site "?"]
[Date "1990.??.??"]
[Round "?"]
[White "June, Brian"]
[Black "Sobocinski, Mike"]
[Result "1/2-1/2"]
[WhiteElo "1700"]
[BlackElo "1715"]
[PlyCount "120"]
[EventDate "1990.??.??"]

1. d4 d5 2. Nf3 Nf6 3. e3 Bg4 4. c4 e6 5. Nc3 Be7 6. h3 Bxf3 7. Qxf3 O-O 8.
cxd5 exd5 9. Bd3 c6 10. O-O Nbd7 11. Re1 Re8 12. Bd2 Bd6 13. e4 dxe4 14. Nxe4
Nxe4 15. Bxe4 Nf6 16. Bf5 Rxe1+ 17. Rxe1 Bc7 18. Bc3 Qd6 19. g3 Nd5 20. Bd2 Qf6
21. Qe4 g6 22. Bg4 h5 23. Bd1 Bb6 24. Bc3 Nxc3 25. bxc3 Kf8 26. Re3 Rd8 27. Rf3
Qd6 28. Bb3 Rd7 29. Qd3 Bd8 30. Qc4 Qd5 31. Qd3 Qd6 32. Qc4 Qe7 33. Qd3 Qd6 34.
Qd2 Kg7 35. Qf4 Qxf4 36. Rxf4 Bg5 37. Re4 Re7 38. Re5 Rxe5 39. dxe5 Bd2 40. c4
g5 41. Kf1 c5 42. Ke2 Bc3 43. f4 Kg6 44. Bc2+ f5 45. Ba4 gxf4 46. gxf4 h4 47.
Be8+ Kg7 48. Kd3 Bd4 49. Bd7 Kg6 50. e6 Kf6 51. e7 Kxe7 52. Bxf5 Kf6 53. Ke4 b6
54. Bg4 Bf2 55. Kd5 Bg3 56. Kc6 Bxf4 57. Kb7 Bd2 58. Kxa7 Ba5 59. Ka6 Ke5 60.
Kb5 Kd4 1/2-1/2

[Event "Flint (Class B/5)"]
[Site "?"]
[Date "1990.??.??"]
[Round "?"]
[White "June, Brian"]
[Black "Smith, Robert"]
[Result "0-1"]
[WhiteElo "1720"]
[BlackElo "1720"]
[PlyCount "72"]
[EventDate "1990.??.??"]

1. d4 d5 2. Nf3 Nf6 3. e3 Bg4 4. c4 e6 5. Qa4+ c6 6. Ne5 Bf5 7. Nc3 Bd6 8. Bd3
Bxd3 9. Nxd3 Nbd7 10. cxd5 exd5 11. Bd2 O-O 12. Rc1 Nb6 13. Qd1 Rc8 14. Ne2 Re8
15. Ng3 Qc7 16. Ba5 Qb8 17. Nh5 Nbd7 18. Nc5 b6 19. Nxd7 Nxd7 20. Qg4 g6 21.
Qxd7 Re6 22. Bd2 gxh5 23. Rxc6 Rd8 24. Rxd6 Rxd7 25. Rxd7 Kf8 26. Ke2 Ke8 27.
Rxd5 Qb7 28. Rg5 Qa6+ 29. Kf3 Rf6+ 30. Kg3 Qe2 31. Bb4 Qxf2+ 32. Kh3 Qxe3+ 33.
Rg3 Qe6+ 34. Kh4 Rf4+ 35. Kxh5 Rf5+ 36. Kh4 Qh6+ 0-1

[Event "Detroit (MCO/1/22)"]
[Site "?"]
[Date "1990.??.??"]
[Round "?"]
[White "June, Brian"]
[Black "Smith, Ri"]
[Result "1-0"]
[WhiteElo "1835"]
[BlackElo "1605"]
[PlyCount "77"]
[EventDate "1990.??.??"]

{1/(22)} 1. d4 d5 2. Nf3 Nf6 3. e3 Bf5 4. c4 e6 5. cxd5 Qxd5 6. Nc3 Bb4 7. Qa4+
Nc6 8. Bb5 O-O 9. O-O Bg6 10. Nxd5 Nxd5 11. Bxc6 bxc6 12. Ne5 Rfd8 13. Nxg6
hxg6 14. e4 Be7 15. exd5 Rxd5 16. Be3 e5 17. Qxc6 Rad8 18. dxe5 Rxe5 19. Rfd1
Bd6 20. Rxd6 Rxd6 21. Qa8+ Kh7 22. Bf4 Rde6 23. Bxe5 Rxe5 24. Kf1 a5 25. Rd1
Rb5 26. Rd8 Kh6 27. Rh8+ Kg5 28. h4+ Kf4 29. Qf3+ Ke5 30. Re8+ Kd4 31. Qe4+ Kc5
32. Re5+ Kb6 33. Qd4+ Ka6 34. Qc4 c6 35. a4 f6 36. axb5+ cxb5 37. Qc6+ Ka7 38.
Re7+ Kb8 39. Qb7# 1-0

[Event "Flint (Class B/3)"]
[Site "?"]
[Date "1990.??.??"]
[Round "?"]
[White "June, Brian"]
[Black "Skidmore, Jennifer"]
[Result "0-1"]
[WhiteElo "1720"]
[BlackElo "1720"]
[PlyCount "70"]
[EventDate "1990.??.??"]

1. d4 d5 2. Nf3 Nf6 3. e3 Bg4 4. Nbd2 e6 5. c4 Bb4 6. Be2 O-O 7. O-O Nbd7 8.
Qb3 Bxd2 9. Bxd2 Rb8 10. h3 Bh5 11. Rfc1 Ne4 12. Bb4 c5 13. dxc5 Ndxc5 14. Qa3
Qb6 15. cxd5 Rfc8 16. dxe6 Nxe6 17. g4 Bg6 18. Ne5 N6g5 19. Bf1 Qf6 20. f4 Rxc1
21. Rxc1 Re8 22. Nxg6 hxg6 23. Bg2 Nxh3+ 24. Bxh3 Qh4 25. Rc2 Qxh3 26. Qa4
Qxg4+ 27. Rg2 Qe6 28. Qxa7 Nf6 29. Bc5 Qf5 30. Bd4 Ng4 31. Kf1 Qd3+ 32. Re2
Qd1+ 33. Re1 Qf3+ 34. Kg1 Qf2+ 35. Kh1 Qh2# 0-1

[Event "Detroit (MI Op/4/29)"]
[Site "?"]
[Date "1990.??.??"]
[Round "?"]
[White "June, Brian"]
[Black "Sherbel, Steve"]
[Result "0-1"]
[WhiteElo "1865"]
[BlackElo "1985"]
[PlyCount "72"]
[EventDate "1990.??.??"]

{4/(29)} 1. d4 d5 2. Nf3 Nf6 3. e3 Nbd7 4. Bd3 c5 5. b3 g6 6. O-O Bg7 7. Bb2
O-O 8. Nbd2 b6 9. c4 cxd4 10. exd4 Bb7 11. Re1 e6 12. Rc1 Rc8 13. Qe2 Re8 14.
Ne5 Nxe5 15. dxe5 Nd7 16. b4 Bf8 17. a3 a5 18. bxa5 bxa5 19. cxd5 Rxc1 20. Rxc1
exd5 21. Bb5 Re6 22. Bxd7 Qxd7 23. Nb3 a4 24. Nd4 Ba6 25. Qe1 Rb6 26. Qc3 Qb7
27. Ba1 Bg7 28. f4 Bc4 29. Nc2 Rb3 30. Qd4 Rd3 31. Qb2 Qa7+ 32. Kh1 Qf2 33. Nd4
Rd2 34. Qb8+ Bf8 35. Rg1 Bf1 36. Ne6 Bxg2+ 0-1

[Event "Lansing (MI Am/5/12)"]
[Site "?"]
[Date "1990.??.??"]
[Round "?"]
[White "June, Brian"]
[Black "Schoonmaker, John"]
[Result "1-0"]
[WhiteElo "1745"]
[BlackElo "1995"]
[PlyCount "149"]
[EventDate "1990.??.??"]

{5/(12)} 1. d4 d5 2. Nf3 Nf6 3. e3 e6 4. Bd3 Be7 5. O-O O-O 6. Nbd2 b6 7. c4
Bb7 8. b3 Nbd7 9. Bb2 c5 10. Rc1 cxd4 11. Bxd4 dxc4 12. Nxc4 Nc5 13. Bb1 Rc8
14. Qe2 Qd5 15. Rfd1 Qh5 16. Bxc5 Bxc5 17. Nce5 Ba3 18. Rxc8 Rxc8 19. Qd3 Bxf3
20. Nxf3 Qd5 21. Nd4 e5 22. Qa6 Qc5 23. Ne2 g6 24. Qxa7 Bc1 25. Qa6 Ng4 26. Qd3
Ba3 27. h3 Nf6 28. Ng3 Qe7 29. Qa6 Rb8 30. Ne2 Kg7 31. Nc3 Bc5 32. Nb5 Qf8 33.
Qa7 Rd8 34. Rf1 Rd2 35. Qc7 Qe8 36. Nc3 Rd7 37. Qc6 Qd8 38. Na4 Rd6 39. Qb5 Ba3
40. Qxe5 Rd5 41. Qf4 Bd6 42. Qf3 Bc7 43. Nc3 Qd6 44. g3 Rh5 45. Kg2 Qd2 46. Nb5
Bb8 47. Qd1 Qb2 48. Qd4 Qxd4 49. Nxd4 Rc5 50. Rd1 Nd5 51. Ne2 Nc3 52. Nxc3 Rxc3
53. Rd7 Rc6 54. Rd2 Bd6 55. Be4 Bb4 56. Rd1 Rd6 57. Rc1 Rd2 58. a4 Bc5 59. Kf3
f5 60. Bc6 g5 61. Rxc5 bxc5 62. Bb5 Ra2 63. e4 fxe4+ 64. Kxe4 Rxf2 65. a5 Kf7
66. Kd5 Ke7 67. Kc6 Rf6+ 68. Kc7 Rf7 69. Bc6 Ke6+ 70. Kb6 Kd6 71. a6 Rc7 72.
Bg2 c4 73. a7 Rc8 74. bxc4 Rxc4 75. a8=Q 1-0

[Event "Detroit (RVO/1)"]
[Site "?"]
[Date "1990.??.??"]
[Round "?"]
[White "June, Brian"]
[Black "Pope, Nick"]
[Result "1-0"]
[WhiteElo "1765"]
[BlackElo "1605"]
[PlyCount "43"]
[EventDate "1990.??.??"]

1. d4 Nf6 2. Nf3 b6 3. e3 Bb7 4. Bd3 e6 5. O-O c5 6. c4 cxd4 7. exd4 Nc6 8. Nc3
d5 9. cxd5 Nxd5 10. Bc4 Nxc3 11. bxc3 Be7 12. d5 exd5 13. Bxd5 O-O 14. c4 Qc7
15. Bb2 Nd8 16. Rc1 Bc5 17. Be5 Qc8 18. Qd3 Ne6 19. Qe4 Ba6 20. Qg4 g6 21. Ng5
f5 22. Qh4 1-0